| 000 | 01055nam a2200229Ii 4500 | ||
|---|---|---|---|
| 003 | JO-AjNU | ||
| 005 | 20240630093040.0 | ||
| 008 | 230605s9999||||xx |||||||||||||| ||und|| | ||
| 040 |
_aJO-AjNU _bara _erda _cJO-AjNU |
||
| 041 | _aara | ||
| 050 | 1 | 4 | _aK3585.4.2006 |
| 100 | 3 |
_aإعداد نايف جليل فاضل المذهان؛ إشراف محمد المحاسنة, _eauthor _946776 |
|
| 245 | 0 | 0 | _aالمسؤولية المدنية عن الأضرار البيئية في القانون الأردني والقانون المقارن |
| 264 | 3 | 1 | _a2006 |
| 300 | _a388 ورقة | ||
| 336 |
_atext _btxt _2rdacontent |
||
| 337 |
_aunmediated _bn _2rdamedia |
||
| 338 |
_avolume _bnc _2rdacarrier |
||
| 500 | _aرسالة جامعية (دكتوراة فلسفة في القانون )-- جامعة عمان العربية للدراسات العليا، 2006، كلية الدراسات العليا، يشتمل على المراجع الببلوغرافية ص(366-383) | ||
| 650 | 4 |
_aحماية البيئة -- قانون _946777 |
|
| 942 |
_2lcc _cTHS |
||
| 999 |
_c23942 _d23942 |
||